000 00729nam a22001937a 4500
999 _c17626
_d17626
003 AR-CdUCM
008 190509b ||||| |||| 00| 0 spa d
040 _aMUNICIPALIDAD PROVINCIAL DEL CUSCO
_cBIBLIOTECA MUNICIPAL DEL CUSCO
082 _a940.04 /
_bV38
100 _aVelázquez Roberto A.
_937760
245 _aAmbiente de guerra en Europa /
260 _aBuenos Aires :
_bTor,
_c1935.
300 _a218 páginas ;
_c19 cm.
505 _aContenido : El mundo de la post-guerra -- Panorama europeo -- Militarismo y armamentismo -- El desarme terrestre -- Ambiente de guerra -- Caos europeo ...
650 _a2da guerra mundial.
_915639
650 _aConsecuencias.
_919899
942 _2ddc
_cLIBROS
945 _arum
_d2019-05-09